| 000 | 00715nam a22002177a 4500 | ||
|---|---|---|---|
| 999 |
_c8390 _d8390 |
||
| 003 | AR-CdUCM | ||
| 008 | 190325b ||||| |||| 00| 0 spa d | ||
| 040 |
_aMUNICIPALIDAD PROVINCIAL DEL CUSCO _cBIBLIOTECA MUNICIPAL DEL CUSCO |
||
| 082 |
_a985.0091 / _bAC21 |
||
| 100 |
_aAcosta, José de _923549 |
||
| 245 | _aPeregrinación de Bartolomé Lorenzo / | ||
| 260 |
_aLima : _bPetroPerú, _bEdiciones Copé, _c1982. |
||
| 300 |
_a66 páginas ; _c21 cm. |
||
| 500 | _aDonación familia Nieto. | ||
| 650 |
_aHistoria _9136 |
||
| 650 |
_aNarración de las aventuras _923550 |
||
| 650 |
_aBiografía de Bartolomé Lorenzo _923551 |
||
| 700 |
_aArrom, José Juan (prólogo) _923552 |
||
| 942 |
_2ddc _cLIBROS |
||
| 945 | _azta | ||